Menjejak impian
| Main Author: | |
|---|---|
| Format: | Book |
| Published: |
Kuala Lumpur :
Dewan Bahasa dan Pustaka ,
1995
|
| Subjects: |
MARC
| LEADER | 00000cam a2200000 7i4500 | ||
|---|---|---|---|
| 001 | 0000019892 | ||
| 005 | 20080619.0 | ||
| 008 | 080619 | ||
| 020 | |a 9836246762 | ||
| 090 | 0 | 0 | |a ARI |b MAL |
| 100 | 0 | |a Aripin Said | |
| 245 | 1 | 0 | |a Menjejak impian |c Aripin Said |
| 260 | |a Kuala Lumpur : |b Dewan Bahasa dan Pustaka , |c 1995 | ||
| 650 | 0 | |a Malay fiction | |
| 650 | 0 | |a Novel | |
| 999 | |a 0001026530 |b Book |c Adult Collection |e Perbadanan Perpustakaan Awam Johor | ||
| 999 | |a 0001026531 |b Book |c Adult Collection |e Perbadanan Perpustakaan Awam Johor | ||